Countries that start and end with A - Statistics

General Stats
  • This quiz has been taken 20 times
  • The average score is 9 of 9
Answer Stats
Answer % Correct
Albania
100%
Antigua and Barbuda
100%
Australia
100%
Austria
100%
Angola
95%
Argentina
95%
Algeria
89%
Andorra
89%
Armenia
89%
No matching quizzes found
Score Distribution
Percent of People with Each Score
Percentile by Number Answered
Your Score History
You have not taken this quiz